Sports Quiz

Random Sports or NBA Quiz

3 NBA Championships in 10 Years Quiz Stats

 Plays Quiz Updated Apr 21, 2019

Score 0/18 Timer 01:30
7 Plays Today
Years Team % Correct
1980-1988 (5)Los Angeles Lakers
98.8%
2000-2009 (4)Los Angeles Lakers
98.8%
2001-2010 (4)Los Angeles Lakers
98.8%
2015-2018 (3)Golden State Warriors
98.4%
1957-1966 (9)Boston Celtics
98.3%
1959-1968 (9)Boston Celtics
98.3%
1960-1969 (9)Boston Celtics
98.3%
1965-1974 (5)Boston Celtics
98.3%
1967-1976 (4)Boston Celtics
98.3%
Years Team % Correct
1974-1981 (3)Boston Celtics
98.3%
1976-1984 (3)Boston Celtics
98.3%
1981-1986 (3)Boston Celtics
98.3%
1949-1954 (5)Minneapolis Lakers
98.3%
1991-1998 (6)Chicago Bulls
96.1%
2006-2013 (3)Miami Heat
95.9%
1999-2007 (4)San Antonio Spurs
93.3%
2003-2007 (3)San Antonio Spurs
93.3%
2005-2014 (3)San Antonio Spurs
93.3%

You're not logged in!

Compare scores with friends on all Sporcle quizzes.
OR
Log In

Sporcle TV

Today on Sporcle TV


Watch our educational content, quiz creation guides, and fun videos on Sporcle TV.

Show Comments

Extras

Top Quizzes Today


Score Distribution

Your Account Isn't Verified!

In order to create a playlist on Sporcle, you need to verify the email address you used during registration. Go to your Sporcle Settings to finish the process.

Report this User

Report this user for behavior that violates our Community Guidelines.

Details: